书目信息 |
| 题名: |
从话筒到喇叭
|
|
| 作者: | 罗金斯基 著 ;李育宁 译 | |
| 分册: | ||
| 出版信息: | 北京 人民邮电出版社 1957 |
|
| 页数: | 68页 | |
| 开本: | 20cm | |
| 丛书名: | ||
| 单 册: | ||
| 中图分类: | TN931 | |
| 科图分类: | ||
| 主题词: | 播音室 , 广播设备 | |
| 电子资源: | ||
| ISBN: | ||
| 000 | 00670nam0 2200229 450 | |
| 001 | 0638468610 | |
| 005 | 20060516104549.93 | |
| 010 | @dCNY0.26 | |
| 100 | @a20060516d1957 km y0chiy0120 ea | |
| 101 | 0 | @achi |
| 102 | @aCN@b110000 | |
| 102 | @aCN@b110000 | |
| 200 | 1 | @a从话筒到喇叭@Acong hua tong dao la ba@f(苏)В·Ю·罗金斯基等著@F(su)В·Ю·luo jin si ji deng zhu@g李育宁等译@Gli yu ning deng yi |
| 210 | @a北京@c人民邮电出版社@d1957 | |
| 215 | @a68页@d20cm | |
| 606 | 0 | @a播音室 |
| 606 | 0 | @a广播设备 |
| 690 | @aTN931@v3 | |
| 701 | 0 | @a罗金斯基@Aluo jin si ji@4著 |
| 702 | 0 | @a李育宁@Ali yu ning@4译 |
| 801 | 0 | @aCN@bPFT@c20060516 |
| 905 | @a10447@dTN931@e7 | |
| 从话筒到喇叭/(苏)В·Ю·罗金斯基等著/李育宁等译.-北京:人民邮电出版社,1957 |
| 68页;20cm |
| ISBN :CNY0.26 |
| ● |
| 相关链接 |
|
|
|
|
正题名:从话筒到喇叭
索取号:TN931/7
 
预约/预借
| 序号 | 登录号 | 条形码 | 馆藏地/架位号 | 状态 | 备注 |
| 1 | 0016625 | 202352373 | 密集书库/ [索取号:TN931/7] | 在馆 |